Statistics for Green Bay–Austin Straubel Int. Destinations (Green Bay, WI, USA)

Click here to take the quiz!

General Stats

  • This quiz has been taken 14 times
  • The average score is 6 of 9

Answer Stats

AirlineDestination% Correct
American Eagle/United ExpressChicago (O'Hare)
100%
Delta ConnectionMinneapolis/St. Paul
92%
Delta Air LinesAtlanta
83%
Frontier AirlinesDenver
75%
Delta ConnectionDetroit
75%
Frontier Airlines/Sun Country AirlinesOrlando
67%
Sun Country AirlinesLas Vegas
58%
Sun Country AirlinesFort Myers
42%
Sun Country AirlinesPhoenix (Sky Harbor)
33%

Score Distribution

Percentile by Number Answered

Percent of People with Each Score

Your Score History

You have not taken this quiz